00281nam a2200133Ia 45000030006000000080041000060400015000471000020000622450022000822600006001043000006001105460014001160050017001300STCL150530s9999 xx 000 0 und d aSTCLcSTCL aSankara kurup G aSahitya Kouthukam c0 a0 aMalayalam20220125170715.0